004900000a220010900045001000018000002450153000183000047001717730047002189420008002659520090002739990017003631 aZvi, Ehud Ben10aObservations on the marital metaphor of YHWH and Israel in its ancient israelite context : General considerations and particular images in Hosea 1.2 aVol. 28, Núm 3 (2004), Páginas 363-3840 tJournal for the Study of the Old Testament cANA 001040708HEMaFUSBCbFUSBCd2016-01-26l0o r2016-01-26 00:00:00w2016-01-26yANA c54926d54926